| 000 | 00917nas a2200301 4500 | ||
|---|---|---|---|
| 001 | BR2013009987 | ||
| 003 | BR-BrBNA | ||
| 005 | 20231205123352.0 | ||
| 007 | ta | ||
| 008 | 230509b bl.|||p| |||| 00| 00por d | ||
| 040 |
_aBR-BrBNA _bpor _cBiblioteca Nacional de Agricultura |
||
| 041 | _a(Pt) | ||
| 072 | _aF30; F60 | ||
| 100 | 1 | _aLemos, M.A. | |
| 100 | 1 | _aAndrade, A.G. de | |
| 100 | 1 | _aAnunciação Filho, C.J. da | |
| 100 | 1 | _aSantos, E. dos | |
| 245 | 1 | _aResposta diferencial de quatro cultivares de milho à alumínio e fósforo | |
| 650 | _aMILHO | ||
| 650 | _aVARIEDADE RESISTENTE | ||
| 650 | _aALIMÍNIO | ||
| 650 | _aFÓSFORO | ||
| 650 | _aMATÉRIA SECA | ||
| 650 | _aANÁLISE ESTATÍSTICA | ||
| 773 | 0 |
_tAnais da Universidade Federal Rural de Pernambuco (Brazil) _xISSN 0100-0292 _g(1980), v. 5 p. 7-18 _wBR2013009987 |
|
| 909 |
_a202311 _bLúcia _c55 _dLúcia Elande |
||
| 942 |
_2AGRIS _n0 _cANA |
||
| 999 |
_c233536 _d233536 |
||